| 000 -ლიდერი |
| ფიქსირებული სიგრძის საკონტროლო ველი |
01648nam a2200277Ia 4500 |
| 001 - საკონტროლო ნომერი |
| საკონტროლო ველი |
4029 |
| 003 - საკონტროლო ნომრის იდენტიფიკატორი |
| საკონტროლო ველი |
GE_BSU |
| 005 - ბოლო ოპერაციის თარიღი და დრო |
| საკონტროლო ველი |
20190510192922.0 |
| 008 - ფიქსირებული სიგრძის მონაცემთა ელემენტები - ზოგადი ინფორმაცია |
| ფიქსირებული სიგრძის საკონტროლო ველი |
181216s2001||||ge |||||||||||||| ||geo|| |
| 020 ## - წიგნის საერთაშორისო სტანდარტული ნომერი |
| International Standard Book Number |
9992889195 |
| 040 ## - კატალოგიზაციის წყარო |
| Transcribing agency |
GE_BSU |
| 041 ## - ენის კოდი |
| Language code of text/sound track or separate title |
geo |
| 080 ## - უნივერსალური ათობითი კლასიფიკაციის ინდექსი |
| Universal Decimal Classification number |
321.7+316.32(075.8) ჟ-84 |
| 100 ## - მთავარი ჩანაწერი - პიროვნების სახელი |
| Personal name |
ჟორჟოლიანი, გია |
| 9 (RLIN) |
1016 |
| 245 ## - ცნობა სათაურის შესახებ |
| Title |
დემოკრატიზაცია : საზოგადოებები გარდამავალ პერიოდში : დემოკრატიზაცია თანამედროვე სამყაროში |
| Remainder of title |
სახელმძღვ. სოციალ. მეცნ. მაგისტრანტებისათვის / |
| Statement of responsibility, etc |
გია ჟორჟოლიანი, თამარ ბერეკაშვილი, მარინა მუსხელიშვილი ; რედ : ლია კაჭარავა |
| 264 ## - წარმოების, გამოცემის, დისტრიბუციის და სხვა ცნობები |
| გამოცემის, წარმოების, დისტრიბუციის... ადგილი |
თბილისი .: |
| გამოცემის, წარმოების, დისტრიბუციის... სახელწოდება |
მეცნიერება, |
| გამოცემის, წარმოების, დისტრიბუციის... თარიღი |
2001. |
| 300 ## - ფიზიკური აღწერა |
| Extent |
193 გვ .; |
| Dimensions |
20 სმ. |
| 440 ## - სერიის ცნობა / დამატებულია ჩანაწერი - სათაური |
| Title |
სოციალურ მეცნიერებათა სერია |
| 9 (RLIN) |
955 |
| 504 ## - BIBLIOGRAPHY, ETC. NOTE |
| Bibliography, etc |
ბიბლიოგრ.: გვ. 188-193. |
| 653 ## - INDEX TERM--UNCONTROLLED |
| Uncontrolled term |
დემოკრატია |
| 700 ## - ADDED ENTRY--PERSONAL NAME |
| Personal name |
ბერეკაშვილი , თამარ |
| 9 (RLIN) |
1017 |
| 700 ## - ADDED ENTRY--PERSONAL NAME |
| Personal name |
მუსხელიშვილი, მარინა |
| 9 (RLIN) |
1018 |
| 700 ## - ADDED ENTRY--PERSONAL NAME |
| Personal name |
კაჭარავა, ლია |
| Relator term |
რედაქტორი |
| 9 (RLIN) |
1019 |
| 710 ## - ADDED ENTRY--CORPORATE NAME |
| Relator term |
ფონდი ღია საზოგადოება - საქართველო |
| 9 (RLIN) |
1020 |
| 942 ## - ADDED ENTRY ELEMENTS (KOHA) |
| Koha item type |
წიგნი |
| Source of classification or shelving scheme |
|